书目信息 |
| 题名: |
中华人民共和国著作权法编注
|
|
| 作者: | 纪明 编 | |
| 分册: | ||
| 出版信息: | 北京 中国法制出版社 2003.03 |
|
| 页数: | 155页 | |
| 开本: | 21cm | |
| 丛书名: | 法律编注丛书 | |
| 单 册: | ||
| 中图分类: | D923.419 | |
| 科图分类: | ||
| 主题词: | 著作权法--中国--汇编 | |
| 电子资源: | ||
| ISBN: | 7-80083-970-2 | |
| 000 | 00805nam 2200253 45 | |
| 001 | 0100100051 | |
| 005 | 20051007180208.98 | |
| 010 | @a7-80083-970-2@dCNY9.00 | |
| 100 | @a20030425d2003 em y0chiy0120 ea | |
| 101 | 0 | @achi |
| 102 | @aCN@b110000 | |
| 105 | @ay n 000yy | |
| 200 | 1 | @a中华人民共和国著作权法编注@AZhong Hua Ren Min Gong He Guo Zhu Zuo Quan Fa Bian Zhu@e2003年版@f纪明编 |
| 210 | @a北京@c中国法制出版社@d2003.03 | |
| 215 | @a155页@d21cm | |
| 225 | 2 | @a法律编注丛书 |
| 314 | @a版权页题: 编者纪明 | |
| 330 | @a本书共6章,包括总则、著作权、著作权许可使用和转让合同、法律责任和执法措施等。 | |
| 410 | 0 | @12001 @a法律编注丛书 |
| 606 | 0 | @a著作权法@y中国@x汇编 |
| 690 | @aD923.419@v4 | |
| 701 | 0 | @a纪明@AJi Ming@4编 |
| 801 | 0 | @aCN@bQSSK@c20051007 |
| 905 | @a10447@dD923.419@eJ134 | |
| 中华人民共和国著作权法编注:2003年版/纪明编.-北京:中国法制出版社,2003.03 |
| 155页;21cm.-(法律编注丛书) |
| ISBN 7-80083-970-2:CNY9.00 |
| 本书共6章,包括总则、著作权、著作权许可使用和转让合同、法律责任和执法措施等。 |
| ● |
| 相关链接 |
|
|
|
正题名:中华人民共和国著作权法编注
索取号:D923.419/J134
 
预约/预借
| 序号 | 登录号 | 条形码 | 馆藏地/架位号 | 状态 | 备注 |
| 1 | 573696 | 205736961 | 社科库509/509社科库 92排6列5层/ [索取号:D923.419/J134] | 在馆 | |
| 2 | 573697 | 205736970 | 社科库509/509社科库 92排6列5层/ [索取号:D923.419/J134] | 在馆 | |
| 3 | 573698 | 205736989 | 社科库509/509社科库 92排6列5层/ [索取号:D923.419/J134] | 在馆 |